| 000 | 00706nam a2200217 a 4500 | ||
|---|---|---|---|
| 999 |
_c5180 _d5180 |
||
| 001 | 5180 | ||
| 003 | BD-JhCC | ||
| 005 | 20171213121323.0 | ||
| 008 | 171210s1974 bg |||| ||a| 000 0 ben d | ||
| 035 | _a(BD-JhCC)5180 | ||
| 040 |
_aBD-JhCC _dBD-JhCC |
||
| 041 | _aben | ||
| 082 |
_a320.3 _bRAS 1974 |
||
| 245 |
_aরাষ্ট্রবিজ্ঞান পরিভাষা-কোষ / _cবাংলা একাডেমী ঢাকা |
||
| 260 |
_aঢাকা : _bবাংলা একাডেমী, _c1974. |
||
| 300 |
_a166 p. : _c22 cm. |
||
| 650 | _aTerminotogy of Political Science | ||
| 710 | _aবাংলা একাডেমী ঢাকা | ||
| 942 |
_2ddc _cBK |
||